000 01132nam a2200229 a 4500
001 000569010
003 AM-YeHGA
005 20250618073328.0
008 080227s1988 ru a||||r|||||||||1|rus|d
020 _a5265002944
040 _aAM-YeHGA
041 0 _arus
100 1 _aԱդամյան, Նորա Գևորգի,
_d1910-1992
_9958
245 1 0 _aИзбранное :
_bРоман, повести, рассказы /
_cНора Адамян.
260 _aМосква :
_bСов. писатель,
_c1988.
300 _a653 с. :
_b[1] л. портр.
500 _aПеред вып. дан. авт.: Нора Адамян (Элеонора Георгиевна Адамова)
505 0 _aВторая жена: Роман; Повести: Ноль три; Красный свет; Новый сосед; Трое под одной крышей; Рассказы: Покинутый дом; Вина непрощенная; Кролики; Проигрыш на бегах; После развода; Золотая масть
650 1 4 _aСоветская литература
942 _2udc
_cBK
090 _c226422
999 _c224881
_d224881